Central Library OPAC University of Rajshahi

Changes in the structure of employment with economic development / (Record no. 43416)

MARC details
000 -LEADER
fixed length control field 00849nam a2200277 a 4500
001 - CONTROL NUMBER
control field 43416
003 - CONTROL NUMBER IDENTIFIER
rucl marc code BD-RjUL
005 - DATE AND TIME OF LATEST TRANSACTION
control field 20211209053708.0
008 - FIXED-LENGTH DATA ELEMENTS--GENERAL INFORMATION
fixed length control field 160621s1981 sz a b i000 0 eng
035 ## - SYSTEM CONTROL NUMBER
System control number (BD-RjUL) 43534
040 ## - CATALOGING SOURCE
Original cataloging agency DLC
Transcribing agency DLC
Modifying agency MYG
-- BD-RjUL
Language of cataloging eng
041 ## - LANGUAGE CODE
Language code of text/sound track or separate title eng
082 ## - DEWEY DECIMAL CLASSIFICATION NUMBER
Edition number 23
Classification number 331.12091724
Author mark and year OBC 1981
099 ## - LOCAL FREE-TEXT CALL NUMBER (OCLC)
Bangla Class number HD5852.O23
100 1# - MAIN ENTRY--PERSONAL NAME
Personal name Oberai, A. S.
9 (RLIN) 133337
245 10 - TITLE STATEMENT
Title Changes in the structure of employment with economic development /
Statement of responsibility, etc. A. S. Oberai.
250 ## - EDITION STATEMENT
Edition statement 2nd ed.
260 ## - PUBLICATION, DISTRIBUTION, ETC. (IMPRINT)
Place of publication, distribution, etc. Geneva :
Name of publisher, distributor, etc. International Labour Office,
Date of publication, distribution, etc. 1981.
300 ## - PHYSICAL DESCRIPTION
Pagination 66 p. :
Illustrations ill. ;
Size 24 cm.
490 1# - SERIES STATEMENT
Series statement WEP study
504 ## - BIBLIOGRAPHY, ETC. NOTE
Bibliography, etc Includes bibliographical references.
650 #0 - SUBJECT ADDED ENTRY--TOPICAL TERM
Topical term or geographic name as entry element Labor supply
Geographic subdivision Developing countries.
9 (RLIN) 133338
Topical term or geographic name as entry element Economic development.
9 (RLIN) 133339
830 #0 - SERIES ADDED ENTRY--UNIFORM TITLE
Uniform title WEP study.
942 ## - ADDED ENTRY ELEMENTS (KOHA)
Source of classification or shelving scheme Dewey Decimal Classification
Koha item type Books
Holdings
Lost status Source of classification or shelving scheme Damaged status Not for loan Collection code Permanent Location Current Location Shelving location Date acquired Source of acquisition Cost, normal purchase price Total Checkouts Full call number Date last seen Copy number Koha item type
  Dewey Decimal Classification     Non-fiction Central Library, University of Rajshahi Central Library, University of Rajshahi   31/07/1982 Heffer, London 1.90   331.12091724 OBC 1981 21/06/2016 C-3 Books
  Dewey Decimal Classification     Non-fiction Central Library, University of Rajshahi Central Library, University of Rajshahi   31/07/1982 Heffer, London 1.90   331.12091724 OBC 1981 21/06/2016 C-2 Books